Solárna energia a jej využitie /
Salvato in:
| Autore principale: | |
|---|---|
| Natura: | Libro |
| Lingua: | slovacco |
| Pubblicazione: |
Bratislava :
STU v Bratislave,
1987
|
| Edizione: | 1.vyd. |
| Tags: |
Nessun Tag, puoi essere il primo ad aggiungerne!!
|
MARC
| LEADER | 00000nam a22000003a 4500 | ||
|---|---|---|---|
| 001 | stu6318 | ||
| 005 | 20150617225808.2 | ||
| 008 | 940722s1987----cs------------------slo-d | ||
| 040 | |a STU |b slo | ||
| 041 | 0 | |a slo | |
| 044 | |a cs | ||
| 100 | 1 | |a Smola, Alfonz, |d 1951- |4 aut |u E020 |U FEI Fakulta elektrotechniky a informatiky |T FEI Ústav elektroenergetiky a aplikovanej elektrotechniky |X 1989 |U E020 |Y 548 |7 A000001989 | |
| 245 | 1 | |a Solárna energia a jej využitie / |c [aut.] Smola,Alfonz | |
| 250 | |a 1.vyd. | ||
| 260 | |a Bratislava : |b STU v Bratislave, |c 1987 | ||
| 300 | |a 178 s | ||
| 996 | |b 284ES15431 |c E*S-34621 |l EE01 |s A |a 24 |w stu6318_0006 | ||
| 996 | |b 284EK08836 |c E*62218 |l EE0105 |s P |a 0 |w stu6318_0007 | ||